I'm Older Than My Parent! Quiz Stats

 Plays Quiz Updated Mar 22, 2019

Score 0/40 Timer 06:00
3 Plays Today
% Correct
G. W. Bush
92.2%
G. H. W. Bush
91.6%
Judy Garland
81.1%
Prince William
78.4%
Miley Cyrus
78.1%
Jamie Lee Curtis
77.7%
Diana Spencer
77.2%
Billy Ray Cyrus
75.4%
Kiefer Sutherland
74.6%
Donald Sutherland
74.4%
Gwyneth Paltrow
71.2%
Liv Tyler
68.1%
Martin Sheen
66.8%
Steven Tyler
66.6%
Liza Minnelli
62.2%
Jane Fonda
62.1%
Emilio Estevez
61.3%
Goldie Hawn
61%
Henry Fonda
59.1%
Kate Hudson
58.7%
% Correct
Hillary Rodham
58.6%
Chelsea Clinton
57.9%
Carrie Fisher
52.5%
Ronny Howard
50.3%
Bruce Lee
48.4%
Brandon Lee
45.9%
Sean Astin
45.5%
Bryce D Howard
45.4%
Elvis Presley
44.8%
Lisa Marie Presley
43%
Melanie Griffith
41.4%
Janet Leigh
37.1%
Frank Sinatra
37%
Nancy Sinatra
36%
Blythe Danner
32.4%
Debbie Reynolds
28.6%
Ryan O'Neal
25.8%
Tatum O'Neal
25.5%
Patty Duke
21.2%
Tippi Hedren
20.7%

You're not logged in!

Compare scores with friends on all Sporcle quizzes.
OR
Log In

You Might Also Like...

Show Comments

Extras

Top Quizzes Today


Score Distribution

Your Account Isn't Verified!

In order to create a playlist on Sporcle, you need to verify the email address you used during registration. Go to your Sporcle Settings to finish the process.

Report this User

Report this user for behavior that violates our Community Guidelines.

Details: